[Event "DVM U16w 2023"]
[Site "Magdeburg GER"]
[Date "2023.12.28"]
[Round "4"]
[White "Brewig, Bea Josephine"]
[Black "Siegel, Irene"]
[Result "0-1"]
[Termination "normal"]
[Board "1.4"]
[WhiteElo "1256"]
[BlackElo "1313"]
[WhiteClock "00:01:22"]
[BlackClock "00:40:26"]
[WhiteTeam "Chemnitzer SC Aufbau95"]
[BlackTeam "SG Porz"]
[PlyCount "147"]
[WhiteFideId "16249313"]
[BlackFideId "16284380"]
[EventCountry "GER"]
[EventRounds "7"]
[EventType "team-swiss"]
[EventDate "2023.12.26"]

1. e4 {[%clk 01:30:49]} {[%emt 00:00:09]} e5 {[%clk 01:30:49]} {[%emt
00:00:11]} 2. Nf3 {[%clk 01:31:14]} {[%emt 00:00:05]} Nc6 {[%clk 01:31:07]}
{[%emt 00:00:12]} 3. d4 {[%clk 01:31:37]} {[%emt 00:00:07]} exd4 {[%clk
01:31:26]} {[%emt 00:00:11]} 4. c3 {[%clk 01:32:04]} {[%emt 00:00:03]} d5
{[%clk 01:31:33]} {[%emt 00:00:23]} 5. exd5 {[%clk 01:32:25]} {[%emt 00:00:09]}
Qxd5 {[%clk 01:31:51]} {[%emt 00:00:12]} 6. cxd4 {[%clk 01:31:56]} {[%emt
00:00:59]} Bg4 {[%clk 01:31:29]} {[%emt 00:00:51]} 7. Be2 {[%clk 01:30:43]}
{[%emt 00:01:44]} Bb4+ {[%clk 01:31:32]} {[%emt 00:00:26]} 8. Nc3 {[%clk
01:29:59]} {[%emt 00:01:15]} Bxf3 {[%clk 01:31:32]} {[%emt 00:00:30]} 9. Bxf3
{[%clk 01:30:21]} {[%emt 00:00:08]} Qc4 {[%clk 01:31:41]} {[%emt 00:00:20]} 10.
Bxc6+ {[%clk 01:30:39]} {[%emt 00:00:13]} Qxc6 {[%clk 01:26:45]} {[%emt
00:05:26]} 11. O-O {[%clk 01:28:22]} {[%emt 00:02:47]} Ne7 {[%clk 01:26:54]}
{[%emt 00:00:21]} 12. Bf4 {[%clk 01:09:43]} {[%emt 00:19:09]} O-O {[%clk
01:25:20]} {[%emt 00:02:04]} 13. Rc1 {[%clk 01:04:17]} {[%emt 00:05:57]} Bxc3
{[%clk 01:18:51]} {[%emt 00:06:58]} 14. Rxc3 {[%clk 01:01:44]} {[%emt
00:03:03]} Qa6 {[%clk 01:09:49]} {[%emt 00:09:30]} 15. Qb3 {[%clk 00:48:53]}
{[%emt 00:13:23]} c6 {[%clk 00:59:13]} {[%emt 00:11:06]} 16. Bd6 {[%clk
00:35:56]} {[%emt 00:13:27]} Nf5 {[%clk 00:56:03]} {[%emt 00:03:40]} 17. Be5
{[%clk 00:29:34]} {[%emt 00:06:52]} Rad8 {[%clk 00:54:51]} {[%emt 00:01:39]}
18. Rd1 {[%clk 00:28:09]} {[%emt 00:01:57]} Qe2 {[%clk 00:52:40]} {[%emt
00:02:42]} 19. Rcd3 {[%clk 00:22:53]} {[%emt 00:05:46]} c5 {[%clk 00:46:53]}
{[%emt 00:06:17]} 20. R3d2 {[%clk 00:16:42]} {[%emt 00:06:40]} Qe4 {[%clk
00:45:56]} {[%emt 00:01:28]} 21. f3 {[%clk 00:13:43]} {[%emt 00:03:29]} Qc6
{[%clk 00:43:31]} {[%emt 00:02:54]} 22. d5 {[%clk 00:11:59]} {[%emt 00:02:15]}
Qa6 {[%clk 00:42:07]} {[%emt 00:01:53]} 23. Qc3 {[%clk 00:08:47]} {[%emt
00:03:43]} f6 {[%clk 00:41:23]} {[%emt 00:01:14]} 24. Bc7 {[%clk 00:06:50]}
{[%emt 00:02:27]} Rd7 {[%clk 00:34:15]} {[%emt 00:07:37]} 25. d6 {[%clk
00:06:29]} {[%emt 00:00:52]} Qc6 {[%clk 00:33:41]} {[%emt 00:01:01]} 26. Qc4+
{[%clk 00:05:55]} {[%emt 00:01:07]} Kh8 {[%clk 00:33:43]} {[%emt 00:00:28]} 27.
Qe4 {[%clk 00:04:49]} {[%emt 00:01:35]} Qxe4 {[%clk 00:33:18]} {[%emt
00:00:56]} 28. fxe4 {[%clk 00:05:13]} {[%emt 00:00:06]} Nd4 {[%clk 00:33:22]}
{[%emt 00:00:26]} 29. a4 {[%clk 00:05:10]} {[%emt 00:00:33]} b6 {[%clk
00:33:19]} {[%emt 00:00:34]} 30. Re1 {[%clk 00:05:10]} {[%emt 00:00:29]} Ne6
{[%clk 00:33:15]} {[%emt 00:00:33]} 31. Rde2 {[%clk 00:05:03]} {[%emt
00:00:39]} Nxc7 {[%emt 00:00:26]} 32. dxc7 {[%clk 00:05:27]} {[%emt 00:00:05]}
Rxc7 {[%clk 00:33:40]} {[%emt 00:00:09]} 33. e5 {[%clk 00:05:44]} {[%emt
00:00:13]} fxe5 {[%clk 00:33:27]} {[%emt 00:00:42]} 34. Rxe5 {[%clk 00:06:07]}
{[%emt 00:00:07]} h6 {[%clk 00:33:32]} {[%emt 00:00:25]} 35. Re7 {[%clk
00:06:23]} {[%emt 00:00:16]} Rf7 {[%clk 00:33:29]} {[%emt 00:00:32]} 36. Rxc7
{[%clk 00:06:17]} {[%emt 00:00:36]} Rxc7 {[%clk 00:33:51]} {[%emt 00:00:08]}
37. Re8+ {[%clk 00:06:41]} {[%emt 00:00:06]} Kh7 {[%clk 00:34:15]} {[%emt
00:00:06]} 38. Kf2 {[%clk 00:04:41]} {[%emt 00:02:30]} Rd7 {[%clk 00:34:25]}
{[%emt 00:00:20]} 39. Ke2 {[%clk 00:03:40]} {[%emt 00:01:31]} Kg6 {[%clk
00:32:55]} {[%emt 00:02:00]} 40. Rf8 {[%clk 00:00:45]} {[%emt 00:03:25]} Rd4
{[%clk 00:31:46]} {[%emt 00:01:39]} 41. b3 {[%clk 00:24:24]} {[%emt 00:06:51]}
Rb4 {[%clk 01:01:39]} {[%emt 00:00:36]} 42. Ra8 {[%clk 00:21:51]} {[%emt
00:03:03]} a5 {[%clk 00:58:21]} {[%emt 00:03:49]} 43. Rb8 {[%clk 00:13:19]}
{[%emt 00:09:01]} Rxb3 {[%clk 00:58:02]} {[%emt 00:00:49]} 44. Rc8 {[%clk
00:11:40]} {[%emt 00:02:10]} Kh7 {[%clk 00:58:05]} {[%emt 00:00:26]} 45. Rc6
{[%clk 00:11:57]} {[%emt 00:00:13]} Rb4 {[%clk 00:57:46]} {[%emt 00:00:49]} 46.
h3 {[%clk 00:10:41]} {[%emt 00:01:46]} Rxa4 {[%clk 00:55:24]} {[%emt 00:02:52]}
47. Rxb6 {[%clk 00:10:59]} {[%emt 00:00:12]} Ra2+ {[%clk 00:54:16]} {[%emt
00:01:38]} 48. Kf3 {[%clk 00:10:46]} {[%emt 00:00:43]} c4 {[%clk 00:54:19]}
{[%emt 00:00:27]} 49. Rc6 {[%clk 00:10:49]} {[%emt 00:00:28]} Ra3+ {[%clk
00:54:32]} {[%emt 00:00:17]} 50. Kg4 {[%clk 00:09:39]} {[%emt 00:01:39]} c3
{[%clk 00:54:26]} {[%emt 00:00:36]} 51. Rc5 {[%clk 00:08:26]} {[%emt 00:01:44]}
Ra2 {[%clk 00:47:03]} {[%emt 00:07:53]} 52. Rxc3 {[%clk 00:07:13]} {[%emt
00:01:43]} Rxg2+ {[%clk 00:47:22]} {[%emt 00:00:11]} 53. Kh4 {[%clk 00:06:53]}
{[%emt 00:00:50]} Rb2 {[%clk 00:42:43]} {[%emt 00:05:08]} 54. Ra3 {[%clk
00:05:15]} {[%emt 00:02:09]} Rb4+ {[%clk 00:41:14]} {[%emt 00:01:59]} 55. Kg3
{[%clk 00:05:36]} {[%emt 00:00:09]} a4 {[%clk 00:41:09]} {[%emt 00:00:34]} 56.
Kg2 {[%clk 00:05:47]} {[%emt 00:00:19]} Rb2+ {[%clk 00:41:16]} {[%emt
00:00:23]} 57. Kg1 {[%clk 00:05:58]} {[%emt 00:00:19]} Rb3 {[%clk 00:41:15]}
{[%emt 00:00:31]} 58. Rxa4 {[%clk 00:06:21]} {[%emt 00:00:08]} Rxh3 {[%clk
00:41:38]} {[%emt 00:00:07]} 59. Kg2 {[%clk 00:06:32]} {[%emt 00:00:19]} Rh5
{[%clk 00:41:30]} {[%emt 00:00:37]} 60. Kg3 {[%clk 00:05:18]} {[%emt 00:01:44]}
Rf5 {[%clk 00:41:22]} {[%emt 00:00:38]} 61. Ra7 {[%clk 00:04:51]} {[%emt
00:00:57]} Kg6 {[%clk 00:40:50]} {[%emt 00:01:02]} 62. Kg4 {[%clk 00:04:03]}
{[%emt 00:01:19]} h5+ {[%clk 00:40:44]} {[%emt 00:00:35]} 63. Kh4 {[%clk
00:04:04]} {[%emt 00:00:29]} Rf4+ {[%clk 00:40:13]} {[%emt 00:00:57]} 64. Kg3
{[%clk 00:04:28]} {[%emt 00:00:10]} Rg4+ {[%clk 00:40:11]} {[%emt 00:00:32]}
65. Kh3 {[%clk 00:04:47]} {[%emt 00:00:11]} Kh6 {[%clk 00:39:30]} {[%emt
00:01:07]} 66. Ra6+ {[%clk 00:04:55]} {[%emt 00:00:26]} g6 {[%clk 00:39:37]}
{[%emt 00:00:23]} 67. Rb6 {[%clk 00:04:51]} {[%emt 00:00:34]} Rc4 {[%clk
00:39:41]} {[%emt 00:00:25]} 68. Kg3 {[%clk 00:03:50]} {[%emt 00:01:32]} h4+
{[%clk 00:39:50]} {[%emt 00:00:22]} 69. Kh3 {[%clk 00:04:12]} {[%emt 00:00:08]}
Kh5 {[%clk 00:40:10]} {[%emt 00:00:06]} 70. Kg2 {[%clk 00:01:43]} {[%emt
00:03:01]} g5 {[%clk 00:40:17]} {[%emt 00:00:25]} 71. Rb2 {[%clk 00:01:29]}
{[%emt 00:00:44]} Kg4 {[%clk 00:40:23]} {[%emt 00:00:24]} 72. Kh2 {[%clk
00:01:43]} {[%emt 00:00:15]} h3 {[%clk 00:40:35]} {[%emt 00:00:18]} 73. Kg1
{[%clk 00:01:46]} {[%emt 00:00:27]} Rc3 {[%clk 00:40:26]} {[%emt 00:00:39]} 74.
Rf2 {[%clk 00:01:22]} {[%emt 00:00:54]} 0-1

[Event "DVM U16w 2023"]
[Site "Magdeburg GER"]
[Date "2023.12.28"]
[Round "4"]
[White "Jacobasch, Ronja"]
[Black "Moldovan, Tatiana"]
[Result "1/2-1/2"]
[Termination "normal"]
[Board "2.1"]
[WhiteElo "1607"]
[BlackElo "1590"]
[WhiteClock "00:22:31"]
[BlackClock "00:43:52"]
[WhiteTeam "SSV Altenberg"]
[BlackTeam "SG Königskinder Hohentübingen"]
[PlyCount "85"]
[WhiteFideId "34604340"]
[BlackFideId "16287398"]
[EventCountry "GER"]
[EventRounds "7"]
[EventType "team-swiss"]
[EventDate "2023.12.26"]

1. Nf3 {[%clk 01:30:59]} {[%emt 00:00:01]} a6 {[%clk 01:30:09]} {[%emt
00:00:54]} 2. g3 {[%clk 01:31:02]} {[%emt 00:00:27]} b5 {[%clk 01:30:22]}
{[%emt 00:00:17]} 3. Bg2 {[%clk 01:31:05]} {[%emt 00:00:26]} Bb7 {[%clk
01:30:48]} {[%emt 00:00:05]} 4. O-O {[%clk 01:30:45]} {[%emt 00:00:50]} Nf6
{[%clk 01:30:47]} {[%emt 00:00:32]} 5. d3 {[%clk 01:30:44]} {[%emt 00:00:30]}
e6 {[%clk 01:30:55]} {[%emt 00:00:22]} 6. e4 {[%clk 01:30:35]} {[%emt
00:00:38]} Bc5 {[%clk 01:30:50]} {[%emt 00:00:35]} 7. Re1 {[%clk 01:25:39]}
{[%emt 00:05:26]} d6 {[%clk 01:29:17]} {[%emt 00:02:04]} 8. Be3 {[%clk
01:22:36]} {[%emt 00:03:32]} Bxe3 {[%clk 01:28:42]} {[%emt 00:01:05]} 9. fxe3
{[%clk 01:21:50]} {[%emt 00:01:17]} Nbd7 {[%clk 01:27:43]} {[%emt 00:01:30]}
10. c3 {[%clk 01:14:57]} {[%emt 00:07:22]} O-O {[%clk 01:23:24]} {[%emt
00:04:49]} 11. Nbd2 {[%clk 01:11:38]} {[%emt 00:03:49]} Rb8 {[%clk 01:18:45]}
{[%emt 00:05:09]} 12. Qc2 {[%clk 01:08:27]} {[%emt 00:03:41]} Re8 {[%clk
01:16:31]} {[%emt 00:02:44]} 13. a4 {[%clk 01:04:52]} {[%emt 00:04:04]} Nc5
{[%clk 01:10:37]} {[%emt 00:06:24]} 14. axb5 {[%clk 01:03:04]} {[%emt
00:02:19]} axb5 {[%clk 01:11:01]} {[%emt 00:00:06]} 15. Nb3 {[%clk 01:00:38]}
{[%emt 00:02:56]} Nfd7 {[%clk 01:06:25]} {[%emt 00:05:05]} 16. Nfd4 {[%clk
00:56:59]} {[%emt 00:04:10]} Nxb3 {[%clk 01:00:24]} {[%emt 00:06:30]} 17. Nxb3
{[%clk 00:56:21]} {[%emt 00:01:08]} Ne5 {[%clk 00:58:24]} {[%emt 00:02:30]} 18.
Na5 {[%clk 00:40:48]} {[%emt 00:16:03]} Ba8 {[%clk 00:51:35]} {[%emt 00:07:19]}
19. d4 {[%emt 00:06:12]} Nc6 {[%clk 00:49:55]} 20. b4 {[%clk 00:32:25]} {[%emt
00:05:20]} Qd7 {[%clk 00:45:41]} {[%emt 00:04:44]} 21. Nb3 {[%clk 00:29:43]}
{[%emt 00:03:13]} Bb7 {[%clk 00:42:32]} {[%emt 00:03:38]} 22. Qe2 {[%clk
00:27:04]} {[%emt 00:03:10]} Ne7 {[%clk 00:40:10]} {[%emt 00:02:52]} 23. Ra5
{[%clk 00:23:02]} {[%emt 00:04:32]} Qc6 {[%clk 00:32:57]} {[%emt 00:07:43]} 24.
Rc1 {[%clk 00:20:10]} {[%emt 00:03:22]} Qc4 {[%clk 00:29:15]} {[%emt 00:04:12]}
25. Qxc4 {[%clk 00:18:53]} {[%emt 00:01:47]} bxc4 {[%clk 00:29:38]} {[%emt
00:00:07]} 26. Nd2 {[%clk 00:18:57]} {[%emt 00:00:25]} d5 {[%clk 00:29:58]}
{[%emt 00:00:10]} 27. Rca1 {[%clk 00:14:46]} {[%emt 00:04:41]} c6 {[%clk
00:26:21]} {[%emt 00:04:08]} 28. e5 {[%clk 00:13:42]} {[%emt 00:01:35]} Ra8
{[%clk 00:25:15]} {[%emt 00:01:35]} 29. Ra7 {[%clk 00:12:31]} {[%emt 00:01:40]}
Rxa7 {[%clk 00:24:58]} {[%emt 00:00:47]} 30. Rxa7 {[%clk 00:12:58]} Rb8 {[%clk
00:25:18]} {[%emt 00:00:14]} 31. Bf3 {[%clk 00:11:22]} {[%emt 00:02:05]} Nc8
{[%clk 00:25:30]} {[%emt 00:00:18]} 32. Ra5 {[%clk 00:10:38]} {[%emt 00:01:14]}
Ra8 {[%clk 00:25:38]} {[%emt 00:00:22]} 33. Rxa8 {[%clk 00:09:15]} {[%emt
00:01:54]} Bxa8 {[%clk 00:26:02]} {[%emt 00:00:05]} 34. Bd1 {[%clk 00:09:06]}
{[%emt 00:00:39]} Nb6 {[%clk 00:26:23]} {[%emt 00:00:09]} 35. Kf2 {[%clk
00:07:29]} {[%emt 00:02:07]} Bb7 {[%clk 00:25:36]} {[%emt 00:01:18]} 36. Ke2
{[%clk 00:06:14]} {[%emt 00:01:44]} Ba6 {[%clk 00:23:42]} {[%emt 00:02:24]} 37.
e4 {[%clk 00:02:46]} {[%emt 00:03:59]} Kf8 {[%clk 00:23:09]} {[%emt 00:01:03]}
38. Bc2 {[%clk 00:01:41]} {[%emt 00:01:35]} g6 {[%clk 00:23:04]} {[%emt
00:00:35]} 39. exd5 {[%clk 00:01:51]} {[%emt 00:00:20]} exd5 {[%clk 00:22:51]}
{[%emt 00:00:42]} 40. Nf3 {[%clk 00:01:34]} {[%emt 00:00:48]} Bc8 {[%clk
00:22:40]} {[%emt 00:00:41]} 41. Ke3 {[%clk 00:25:25]} {[%emt 00:06:37]} h6
{[%clk 00:50:00]} {[%emt 00:03:12]} 42. Ng1 {[%clk 00:22:51]} {[%emt 00:03:03]}
Kg7 {[%clk 00:43:52]} {[%emt 00:06:38]} 43. Ne2 {[%clk 00:22:31]} {[%emt
00:00:50]} 1/2-1/2

[Event "DVM U16w 2023"]
[Site "Magdeburg GER"]
[Date "2023.12.28"]
[Round "4"]
[White "Moldovan, Stela"]
[Black "Müller, Cosima"]
[Result "1/2-1/2"]
[Termination "normal"]
[Board "2.2"]
[WhiteElo "1573"]
[BlackElo "1462"]
[WhiteClock "01:07:34"]
[BlackClock "00:07:01"]
[WhiteTeam "SG Königskinder Hohentübingen"]
[BlackTeam "SSV Altenberg"]
[PlyCount "120"]
[WhiteFideId "16287380"]
[BlackFideId "34601490"]
[EventCountry "GER"]
[EventRounds "7"]
[EventType "team-swiss"]
[EventDate "2023.12.26"]

1. d4 {[%clk 01:30:52]} {[%emt 00:00:07]} d5 {[%clk 01:30:55]} {[%emt
00:00:05]} 2. Nf3 {[%clk 01:31:11]} {[%emt 00:00:12]} Nf6 {[%clk 01:31:06]}
{[%emt 00:00:22]} 3. e3 {[%clk 01:31:21]} {[%emt 00:00:20]} c5 {[%clk
01:31:24]} {[%emt 00:00:12]} 4. Bb5+ {[%clk 01:31:23]} {[%emt 00:00:27]} Bd7
{[%clk 01:28:44]} {[%emt 00:03:11]} 5. Be2 {[%clk 01:31:42]} {[%emt 00:00:11]}
e6 {[%clk 01:28:11]} {[%emt 00:01:02]} 6. O-O {[%clk 01:31:45]} {[%emt
00:00:27]} Nc6 {[%clk 01:28:06]} {[%emt 00:00:36]} 7. a3 {[%clk 01:31:41]}
{[%emt 00:00:35]} Bd6 {[%clk 01:24:19]} {[%emt 00:04:16]} 8. b3 {[%clk
01:31:31]} {[%emt 00:00:40]} O-O {[%clk 01:23:43]} {[%emt 00:01:06]} 9. Bb2
{[%clk 01:31:46]} {[%emt 00:00:15]} a6 {[%clk 01:13:38]} {[%emt 00:10:35]} 10.
Ne5 {[%clk 01:23:17]} {[%emt 00:08:58]} b5 {[%clk 01:04:37]} {[%emt 00:09:31]}
11. f4 {[%clk 01:20:13]} {[%emt 00:03:34]} Ne4 {[%clk 00:52:57]} {[%emt
00:12:09]} 12. Nd2 {[%clk 01:16:31]} {[%emt 00:04:13]} Nxd2 {[%clk 00:52:21]}
{[%emt 00:01:07]} 13. Qxd2 {[%clk 01:16:54]} {[%emt 00:00:06]} Nxe5 {[%clk
00:52:31]} {[%emt 00:00:20]} 14. dxe5 {[%clk 01:15:13]} {[%emt 00:02:12]} Be7
{[%clk 00:50:02]} {[%emt 00:02:57]} 15. Bg4 {[%clk 01:12:03]} {[%emt 00:03:41]}
Qc8 {[%clk 00:47:33]} {[%emt 00:03:00]} 16. Rad1 {[%clk 01:06:57]} {[%emt
00:05:35]} Rd8 {[%clk 00:46:40]} {[%emt 00:01:23]} 17. Qf2 {[%clk 01:05:21]}
{[%emt 00:02:06]} c4 {[%clk 00:40:51]} {[%emt 00:06:20]} 18. b4 {[%clk
01:04:23]} {[%emt 00:01:27]} a5 {[%clk 00:38:36]} {[%emt 00:02:45]} 19. c3
{[%clk 01:03:09]} {[%emt 00:01:44]} axb4 {[%clk 00:37:52]} {[%emt 00:01:14]}
20. axb4 {[%clk 01:03:31]} {[%emt 00:00:09]} Qc7 {[%clk 00:35:00]} {[%emt
00:03:21]} 21. Ra1 {[%clk 01:03:20]} {[%emt 00:00:41]} Rdb8 {[%clk 00:30:10]}
{[%emt 00:05:19]} 22. h4 {[%clk 01:02:07]} {[%emt 00:01:44]} Bc8 {[%clk
00:27:48]} {[%emt 00:02:51]} 23. Qg3 {[%clk 01:01:00]} {[%emt 00:01:38]} Qd8
{[%clk 00:22:12]} {[%emt 00:06:05]} 24. h5 {[%clk 01:00:42]} {[%emt 00:00:49]}
h6 {[%clk 00:22:19]} {[%emt 00:00:23]} 25. Qh3 {[%clk 00:59:59]} {[%emt
00:01:14]} Qc7 {[%clk 00:22:02]} {[%emt 00:00:45]} 26. Bf3 {[%clk 01:00:00]}
{[%emt 00:00:28]} Qb6 {[%clk 00:20:15]} {[%emt 00:02:19]} 27. Be2 {[%clk
00:58:42]} {[%emt 00:01:47]} f6 {[%clk 00:17:58]} {[%emt 00:02:48]} 28. g4
{[%clk 00:56:24]} {[%emt 00:02:49]} fxe5 {[%clk 00:17:42]} {[%emt 00:00:46]}
29. g5 {[%clk 00:52:14]} {[%emt 00:04:40]} exf4 {[%clk 00:16:27]} {[%emt
00:01:44]} 30. gxh6 {[%clk 00:52:02]} {[%emt 00:00:42]} e5 {[%clk 00:16:21]}
{[%emt 00:00:37]} 31. Bg4 {[%clk 00:49:56]} {[%emt 00:02:35]} Bxg4 {[%clk
00:15:53]} {[%emt 00:00:58]} 32. Qxg4 {[%clk 00:50:18]} {[%emt 00:00:08]} Qxh6
{[%clk 00:15:27]} {[%emt 00:00:56]} 33. exf4 {[%clk 00:50:05]} {[%emt
00:00:43]} Rxa1 {[%clk 00:14:26]} {[%emt 00:01:32]} 34. Bxa1 {[%clk 00:50:06]}
{[%emt 00:00:29]} exf4 {[%clk 00:09:46]} {[%emt 00:05:10]} 35. Rxf4 {[%clk
00:49:16]} {[%emt 00:01:20]} Bg5 {[%clk 00:08:43]} {[%emt 00:01:30]} 36. Rf5
{[%clk 00:47:54]} {[%emt 00:01:54]} Be3+ {[%clk 00:08:45]} {[%emt 00:00:28]}
37. Kg2 {[%clk 00:47:40]} {[%emt 00:00:43]} Ra8 {[%clk 00:07:20]} {[%emt
00:01:56]} 38. Rf1 {[%clk 00:46:28]} {[%emt 00:01:42]} Ra2+ {[%clk 00:06:47]}
{[%emt 00:01:03]} 39. Kh3 {[%clk 00:45:30]} {[%emt 00:01:28]} Ra8 {[%clk
00:03:47]} {[%emt 00:03:29]} 40. Qf3 {[%clk 00:44:09]} {[%emt 00:01:43]} Qe6+
{[%clk 00:02:15]} {[%emt 00:02:10]} 41. Kg3 {[%clk 00:42:43]} {[%emt 00:01:46]}
Qd6+ {[%clk 00:26:23]} {[%emt 00:06:28]} 42. Kh3 {[%clk 01:09:27]} {[%emt
00:03:51]} Rf8 {[%clk 00:25:23]} {[%emt 00:01:31]} 43. Qxf8+ {[%clk 01:08:30]}
{[%emt 00:01:26]} Qxf8 {[%clk 00:25:47]} {[%emt 00:00:07]} 44. Rxf8+ {[%clk
01:08:55]} {[%emt 00:00:05]} Kxf8 {[%clk 00:26:13]} {[%emt 00:00:04]} 45. Kg4
{[%clk 01:09:19]} {[%emt 00:00:05]} Kf7 {[%clk 00:25:23]} {[%emt 00:01:19]} 46.
Kf5 {[%clk 01:09:37]} {[%emt 00:00:13]} d4 {[%clk 00:18:09]} {[%emt 00:07:44]}
47. cxd4 {[%clk 01:09:19]} {[%emt 00:00:48]} Bd2 {[%clk 00:18:21]} {[%emt
00:00:18]} 48. d5 {[%clk 01:08:28]} {[%emt 00:01:21]} c3 {[%clk 00:18:32]}
{[%emt 00:00:19]} 49. Ke4 {[%clk 01:08:09]} {[%emt 00:00:49]} c2 {[%clk
00:18:21]} {[%emt 00:00:42]} 50. Bb2 {[%clk 01:08:38]} c1=Q {[%clk 00:18:34]}
{[%emt 00:00:16]} 51. Bxc1 {[%clk 01:09:04]} {[%emt 00:00:04]} Bxc1 {[%clk
00:18:59]} {[%emt 00:00:05]} 52. Kd4 {[%clk 01:09:29]} {[%emt 00:00:03]} Ke7
{[%clk 00:17:59]} {[%emt 00:01:32]} 53. Kc5 {[%clk 01:08:57]} {[%emt 00:01:01]}
Ba3 {[%clk 00:14:53]} {[%emt 00:03:33]} 54. Kxb5 {[%clk 01:08:00]} {[%emt
00:01:31]} Kd6 {[%clk 00:14:10]} {[%emt 00:01:13]} 55. Kc4 {[%clk 01:07:03]}
{[%emt 00:01:26]} Bxb4 {[%clk 00:09:50]} {[%emt 00:04:51]} 56. Kxb4 {[%clk
01:07:26]} {[%emt 00:00:08]} Kxd5 {[%clk 00:10:00]} {[%emt 00:00:20]} 57. Kc3
{[%clk 01:07:40]} {[%emt 00:00:15]} Ke4 {[%clk 00:09:09]} {[%emt 00:01:19]} 58.
Kd2 {[%clk 01:07:24]} {[%emt 00:00:48]} Kf3 {[%clk 00:07:39]} {[%emt 00:02:00]}
59. Ke1 {[%clk 01:07:15]} {[%emt 00:00:38]} Kg4 {[%clk 00:06:49]} {[%emt
00:01:21]} 60. h6 {[%clk 01:07:34]} {[%emt 00:00:11]} gxh6 {[%clk 00:07:01]}
{[%emt 00:00:18]} 1/2-1/2

[Event "DVM U16w 2023"]
[Site "Magdeburg GER"]
[Date "2023.12.28"]
[Round "4"]
[White "Glotz, Diana"]
[Black "Agalykova, Angelina"]
[Result "1-0"]
[Termination "normal"]
[Board "2.3"]
[WhiteElo "1420"]
[BlackElo "1542"]
[WhiteClock "00:50:12"]
[BlackClock "00:44:59"]
[WhiteTeam "SSV Altenberg"]
[BlackTeam "SG Königskinder Hohentübingen"]
[PlyCount "47"]
[WhiteFideId "16278500"]
[BlackFideId "13809571"]
[EventCountry "GER"]
[EventRounds "7"]
[EventType "team-swiss"]
[EventDate "2023.12.26"]

1. e4 {[%clk 01:30:57]} {[%emt 00:00:03]} c5 {[%clk 01:30:56]} {[%emt
00:00:05]} 2. Nf3 {[%clk 01:31:19]} {[%emt 00:00:08]} e6 {[%clk 01:31:13]}
{[%emt 00:00:13]} 3. d4 {[%clk 01:31:22]} {[%emt 00:00:27]} cxd4 {[%clk
01:31:36]} {[%emt 00:00:06]} 4. Nxd4 {[%clk 01:31:45]} {[%emt 00:00:07]} Nf6
{[%clk 01:31:54]} {[%emt 00:00:12]} 5. Nc3 {[%clk 01:32:06]} {[%emt 00:00:09]}
Nc6 {[%clk 01:32:16]} {[%emt 00:00:09]} 6. Be3 {[%clk 01:32:03]} {[%emt
00:00:32]} Bb4 {[%clk 01:31:24]} {[%emt 00:01:22]} 7. Nxc6 {[%clk 01:29:19]}
{[%emt 00:03:15]} bxc6 {[%clk 01:31:35]} {[%emt 00:00:19]} 8. e5 {[%clk
01:29:20]} {[%emt 00:00:29]} Nd5 {[%clk 01:30:42]} {[%emt 00:01:23]} 9. Bd2
{[%clk 01:28:15]} {[%emt 00:01:35]} Nxc3 {[%clk 01:26:47]} {[%emt 00:04:24]}
10. bxc3 {[%clk 01:28:21]} {[%emt 00:00:25]} Bc5 {[%clk 01:26:45]} {[%emt
00:00:31]} 11. Bd3 {[%clk 01:27:28]} {[%emt 00:01:23]} Qc7 {[%clk 01:17:47]}
{[%emt 00:09:28]} 12. Qe2 {[%clk 01:23:10]} {[%emt 00:04:48]} Bb7 {[%clk
01:17:03]} {[%emt 00:01:14]} 13. Rb1 {[%clk 01:14:28]} {[%emt 00:09:13]} Bb6
{[%clk 01:14:11]} {[%emt 00:03:21]} 14. O-O {[%clk 00:52:02]} {[%emt 00:22:56]}
O-O-O {[%clk 01:09:28]} {[%emt 00:05:13]} 15. Ba6 {[%clk 00:51:38]} {[%emt
00:00:55]} h5 {[%clk 01:07:36]} {[%emt 00:02:22]} 16. Bxb7+ {[%clk 00:51:30]}
{[%emt 00:00:37]} Qxb7 {[%clk 01:07:57]} {[%emt 00:00:09]} 17. a4 {[%clk
00:51:32]} {[%emt 00:00:29]} a5 {[%clk 01:03:26]} {[%emt 00:05:00]} 18. Be3
{[%clk 00:51:12]} {[%emt 00:00:50]} Rdg8 {[%clk 00:48:03]} {[%emt 00:15:53]}
19. Rxb6 {[%clk 00:49:56]} {[%emt 00:01:46]} Qa8 {[%clk 00:47:12]} {[%emt
00:01:20]} 20. Qa6+ {[%clk 00:49:39]} {[%emt 00:00:48]} Qxa6 {[%clk 00:47:18]}
{[%emt 00:00:24]} 21. Rxa6 {[%clk 00:50:05]} {[%emt 00:00:04]} Kb7 {[%clk
00:46:49]} {[%emt 00:00:58]} 22. Ra7+ {[%clk 00:50:02]} {[%emt 00:00:34]} Kc8
{[%clk 00:46:32]} {[%emt 00:00:47]} 23. Rb1 {[%clk 00:49:53]} {[%emt 00:00:38]}
Kd8 {[%clk 00:44:59]} {[%emt 00:02:03]} 24. Bc5 {[%clk 00:50:12]} {[%emt
00:00:11]} 1-0